[Event "Ulm/Neu Ulm-ch"]
[Site "Ulm/Neu Ulm"]
[Date "2004.12.10"]
[Round "7"]
[White "Bothe, Jonas"]
[Black "Kowalski, Hans Michael"]
[Result "0-1"]
[WhiteElo "1430"]
[BlackElo "1650"]
[PlyCount "62"]
[EventDate "2004.09.17"]
[EventType "swiss"]
[EventRounds "7"]
[EventCountry "GER"]
[SourceTitle "EXT 2011"]
[Source "ChessBase"]
[SourceDate "2010.11.26"]
[SourceVersion "1"]
[SourceVersionDate "2010.11.26"]
[SourceQuality "1"]

1. e4 e6 2. d4 c6 3. b3 d5 4. e5 Ne7 5. Bd3 Qc7 6. Ba3 Nd7 7. f4 c5 8. Nf3 b6 9. 0-0 Bb7 10. Nc3 a6 11. Na4 c4 12. Bxe7 Bxe7 13. Be2 b5 14. Nb2 0-0 15. a3 f6 16. b4 a5 17. c3 axb4 18. axb4 Rxa1 19. Qxa1 Ra8 20. Qc1 Qb6 21. Qe3 f5 22. h3 Ra3 23. Nh2 Bxb4 24. Rb1 Be7 25. g4 b4 26. gxf5 exf5 27. e6 Nf8 28. Qe5 Qxe6 29. Qxe6+ Nxe6 30. cxb4 Bxb4 31. Nf3 Nxf4 0-1

[Event "Wuerttemberg-ch U14"]
[Site "Lindau"]
[Date "2002.04.06"]
[Round "7"]
[White "Kalinin, Alexander1111"]
[Black "Bothe, Jonas"]
[Result "1/2-1/2"]
[WhiteElo "1231"]
[BlackElo "1146"]
[PlyCount "22"]
[EventDate "2002.04.??"]
[EventType "swiss"]
[EventRounds "7"]
[EventCountry "GER"]
[SourceTitle "EXT 2003"]
[Source "ChessBase"]
[SourceDate "2002.11.25"]
[SourceVersion "1"]
[SourceVersionDate "2002.11.25"]
[SourceQuality "1"]

1. e4 e5 2. Nf3 Nf6 3. Nc3 Bb4 4. Bc4 Nc6 5. d3 d6 6. h3 0-0 7. a3 Ba5 8. 0-0 Qe7 9. Bd2 Be6 10. Bxe6 Qxe6 11. Qe2 Bb6 1/2-1/2

[Event "Wuerttemberg-ch U14"]
[Site "Lindau"]
[Date "2002.04.02"]
[Round "1"]
[White "Andraschko, Felix"]
[Black "Bothe, Jonas"]
[Result "1-0"]
[WhiteElo "1467"]
[BlackElo "1146"]
[PlyCount "106"]
[EventDate "2002.04.??"]
[EventType "swiss"]
[EventRounds "7"]
[EventCountry "GER"]
[SourceTitle "EXT 2003"]
[Source "ChessBase"]
[SourceDate "2002.11.25"]
[SourceVersion "1"]
[SourceVersionDate "2002.11.25"]
[SourceQuality "1"]

1. d4 d5 2. c4 c6 3. Nf3 Nf6 4. Nc3 e6 5. Bg5 h6 6. Bh4 Bb4 7. Rc1 0-0 8. e3 Nbd7 9. Ne5 Be7 10. Nxd7 Bxd7 11. Bd3 Qa5 12. Qb3 b6 13. 0-0 a6 14. Ne2 g5 15. Bg3 c5 16. Bc7 cxd4 17. Bxb6 Qa4 18. Qxa4 Bxa4 19. Bxd4 dxc4 20. Bxc4 Ne4 21. Nc3 Nd2 22. Nxa4 Nxf1 23. Kxf1 Rac8 24. Rc2 Rc6 25. Bd3 Rd6 26. Nc5 Ra8 27. g4 Rc8 28. Rc3 a5 29. Ne4 Rxc3 30. Nxc3 e5 31. Bc5 Rxd3 32. Bxe7 Rd2 33. Bf6 Rxb2 34. Bxe5 Rc2 35. Bd4 Kf8 36. e4 Ke7 37. Ke1 f6 38. Kd1 Rb2 39. Kc1 Rb7 40. Nd5+ Ke6 41. Bxf6 Rf7 42. Bd4 Rf3 43. Bb6 Ke5 44. Ne3 Kxe4 45. Nf1 Kf4 46. Bxa5 Rxf2 47. Nd2 Rxh2 48. Bc7+ Kxg4 49. Bxh2 h5 50. a4 h4 51. a5 Kf5 52. Nf3 h3 53. Nxg5 Kxg5 1-0